| 000 | 00945 a2200205 4500 | ||
|---|---|---|---|
| 001 | 39535 | ||
| 005 | 20260407155653.0 | ||
| 008 | 260407a1973 arg spa d | ||
| 003 | AR-UNSa-BCEJYS | ||
| 040 |
_aAR-UNSa-BCEJYS _bspa _cAR-UNSa-BCEJYS |
||
| 080 |
_a658.012.32 _xFormas de organización, de gestión |
||
| 245 | 1 | 0 |
_aDesarrollo organizacional _psu naturaleza, sus origenes y perspectivas |
| 264 | 1 |
_aMéxico : _bCentro Regional de Ayuda Técnica _c1973 |
|
| 300 |
_a104 p. _c21 cm. |
||
| 505 | _a1. Desarrollo organizacional: qué es y qué no es - 2. Las condiciones básicas que crean la necesidad del desarrollo organizacional - 3. Preguntas y respuestas : Desarrollo organizacional - 4. Preguntas y respuestas: Desarrollo organizaconal - 5. El problema del entrenamiento en sensibilización - 6. Reconideraciones. | ||
| 942 | _cBK | ||
| 590 | _aniveau_biblio:m niveau_hierar:0 | ||
| 100 | 1 | _aBennis, Warren | |
| 700 | 1 | _aGaos, Angel | |
| 999 |
_c3063 _d3063 |
||